000 00886nam a2200277 a 4500
008
020 _a020529586x (pbk.)
049 _aMAIN
090 0 _aPN4781
_bHAR
100 1 _aHarriss, Julian
245 1 4 _aThe complete reporter :
_bfundamentals of news gathering, writing, and editing /
_c Kelly Leiter, Julian Harriss, Stanley Johnson.
250 _a7th ed.
260 _aBoston :
_bAllyn and Bacon,
_cc1999.
300 _axiii, 562 p. :
_bill. ;
_c25 cm.
504 _aIncludes bibliographical references.
500 _aIncludes index.
650 0 _aReporters and reporting.
650 0 _aJournalism
_xHandbooks, manuals, etc.
700 1 _aLeiter, Kelly.
700 1 _aJohnson, Stanley P.
907 _a.b10110264
_b16-04-12
_c10-02-04
003
005 20230123133622.0
040 _cNUST
942 _cBOOKS
_kPN4781
_mHAR
999 _c151734
_d151734